<?xml version="1.0" encoding="UTF-8"?><?xml-stylesheet type="text/xsl" href="static/style.xsl"?><OAI-PMH xmlns="http://www.openarchives.org/OAI/2.0/" xmlns:xsi="http://www.w3.org/2001/XMLSchema-instance" xsi:schemaLocation="http://www.openarchives.org/OAI/2.0/ http://www.openarchives.org/OAI/2.0/OAI-PMH.xsd"><responseDate>2026-04-27T19:49:09Z</responseDate><request verb="GetRecord" identifier="oai:riubu.ubu.es:10259/3912" metadataPrefix="marc">https://riubu.ubu.es/oai/request</request><GetRecord><record><header><identifier>oai:riubu.ubu.es:10259/3912</identifier><datestamp>2022-12-20T10:37:51Z</datestamp><setSpec>com_10259_3593</setSpec><setSpec>com_10259_5086</setSpec><setSpec>com_10259_2604</setSpec><setSpec>col_10259_3594</setSpec></header><metadata><record xmlns="http://www.loc.gov/MARC21/slim" xmlns:doc="http://www.lyncode.com/xoai" xmlns:xsi="http://www.w3.org/2001/XMLSchema-instance" xmlns:dcterms="http://purl.org/dc/terms/" xsi:schemaLocation="http://www.loc.gov/MARC21/slim http://www.loc.gov/standards/marcxml/schema/MARC21slim.xsd">
<leader>00925njm 22002777a 4500</leader>
<datafield tag="042" ind1=" " ind2=" ">
<subfield code="a">dc</subfield>
</datafield>
<datafield tag="720" ind1=" " ind2=" ">
<subfield code="a">Sanz Díez, Roberto</subfield>
<subfield code="e">author</subfield>
</datafield>
<datafield tag="720" ind1=" " ind2=" ">
<subfield code="a">Miguel, Delia</subfield>
<subfield code="e">author</subfield>
</datafield>
<datafield tag="720" ind1=" " ind2=" ">
<subfield code="a">Gohain, Mukut</subfield>
<subfield code="e">author</subfield>
</datafield>
<datafield tag="720" ind1=" " ind2=" ">
<subfield code="a">García García, Patricia</subfield>
<subfield code="e">author</subfield>
</datafield>
<datafield tag="720" ind1=" " ind2=" ">
<subfield code="a">Fernández Rodríguez, Manuel A.</subfield>
<subfield code="e">author</subfield>
</datafield>
<datafield tag="720" ind1=" " ind2=" ">
<subfield code="a">González Pérez, Adán</subfield>
<subfield code="e">author</subfield>
</datafield>
<datafield tag="720" ind1=" " ind2=" ">
<subfield code="a">Nieto Faza, Olalla .</subfield>
<subfield code="e">author</subfield>
</datafield>
<datafield tag="720" ind1=" " ind2=" ">
<subfield code="a">Rodríguez de Lera, Ángel</subfield>
<subfield code="e">author</subfield>
</datafield>
<datafield tag="720" ind1=" " ind2=" ">
<subfield code="a">Rodríguez, Félix</subfield>
<subfield code="e">author</subfield>
</datafield>
<datafield tag="260" ind1=" " ind2=" ">
<subfield code="c">2010-08</subfield>
</datafield>
<datafield tag="520" ind1=" " ind2=" ">
<subfield code="a">Similar to propargylic&#xd;
carboxylates and sulphides, 3-&#xd;
propargylindoles undergo 1,2-indole&#xd;
migrations under cationic gold(I)-&#xd;
catalysis. The intermediate Aucarbenoid&#xd;
complex may evolve through&#xd;
different pathways depending on the&#xd;
substituents at the propargylic and&#xd;
terminal positions of the alkyne moiety.&#xd;
Thus, 3-indenylindole derivatives were&#xd;
easily obtained through formal iso-&#xd;
Nazarov or Nazarov cyclizations. DFT&#xd;
computations support the formation of&#xd;
an alkylidenecyclopropane intermediate&#xd;
that undergoes aura-iso-Nazarov or&#xd;
aura-Nazarov cyclizations upon&#xd;
torquoselective ring opening. In&#xd;
addition, 3-dienylindoles could be&#xd;
accessed when none of the referred&#xd;
pathways were accessible and so the&#xd;
intermediate Au-carbenoid complex&#xd;
evolved via a 1,2-CH insertion&#xd;
reaction. We have also demonstrated&#xd;
that the final products can be obtained&#xd;
in a one-pot protocol from easily&#xd;
available propargylic alcohols and&#xd;
indoles</subfield>
</datafield>
<datafield tag="024" ind2=" " ind1="8">
<subfield code="a">0947-6539</subfield>
</datafield>
<datafield tag="024" ind2=" " ind1="8">
<subfield code="a">http://hdl.handle.net/10259/3912</subfield>
</datafield>
<datafield tag="024" ind2=" " ind1="8">
<subfield code="a">10.1002/chem.201001162</subfield>
</datafield>
<datafield ind1=" " ind2=" " tag="653">
<subfield code="a">gold</subfield>
</datafield>
<datafield ind1=" " ind2=" " tag="653">
<subfield code="a">homogeneous catalysis</subfield>
</datafield>
<datafield ind1=" " ind2=" " tag="653">
<subfield code="a">reaction mechanism</subfield>
</datafield>
<datafield ind1=" " ind2=" " tag="653">
<subfield code="a">DFT calculations</subfield>
</datafield>
<datafield ind1=" " ind2=" " tag="653">
<subfield code="a">indoles</subfield>
</datafield>
<datafield tag="245" ind1="0" ind2="0">
<subfield code="a">Synthesis of diverse indole-containing scaffolds by gold(I)-catalyzed tandem reactions of 3-propargylindoles initiated by 1,2-indole migrations: scope and computational studies</subfield>
</datafield>
</record></metadata></record></GetRecord></OAI-PMH>